000 00408nam a2200133Ia 4500
008 220217s9999||||xx |||||||||||||| ||und||
020 _a978353169725
082 _a621.316 HAY
100 _aHayt, William H and et. al.
245 0 _aEngineering electromagnetics
260 _aMcGraw Hill Education (India) Private Limited
_bNew Delhi
_c2020
300 _aXV, 728p.
_b725
650 _aField Theory
_912971
999 _c189343
_d189343